| 000 | 00728nam a22001935i 4500 | ||
|---|---|---|---|
| 001 | 152156 | ||
| 003 | ES-MaACL | ||
| 005 | 20230906204546.0 | ||
| 008 | 051011s1875 gw | |||||||| ||eng d | ||
| 040 |
_aCAM _bspa _cCAM |
||
| 100 | 1 |
_aBlack, William. _929067 |
|
| 245 | 1 | 0 |
_aThree feathers _b: a novel / _cby William Black. |
| 260 |
_aLeipzig : _bBernhard Tauchnitz, _c1875. |
||
| 300 |
_a2 v. (311 ; 296 p.) ; _c16 cm. |
||
| 490 | 1 |
_aCollection of british authors ; _v1497-98 |
|
| 830 | 0 |
_aCollection of british authors ; _v1497-98 _9180703 |
|
| 852 |
_aES-MaACL _jG-12175 _z-- Enc. hol., conservando la cub. original _z-- Enc. 2 t. en 1 v. _zEnc. al final de la obra 16 pp. de propaganda editorial |
||
| 999 |
_c152156 _d152156 |
||